<?xml version="1.0" encoding="UTF-8"?>
<collection xmlns="http://www.loc.gov/MARC21/slim">
  <record>
    <leader>00000nam  2200000   4500</leader>
    <controlfield tag="001">INLIS000000000016831</controlfield>
    <controlfield tag="005">20240206030542</controlfield>
    <datafield tag="035" ind1="#" ind2="#">
      <subfield code="a">0010-0224000048</subfield>
    </datafield>
    <controlfield tag="007">ta</controlfield>
    <controlfield tag="008">240206################|##########|#|##</controlfield>
    <datafield tag="084" ind1="#" ind2="#">
      <subfield code="a">R 019 LATSAR 2022</subfield>
    </datafield>
    <datafield tag="100" ind1=" " ind2="#">
      <subfield code="a">Adli Muhammad Siswoko</subfield>
    </datafield>
    <datafield tag="245" ind1="1" ind2="#">
      <subfield code="a">Optimalisasi Proses Pengelolaan Keuangan Melalui Sistem Monitoring Pertanggungjawaban Keuangan (Simpan) Pada Puslatbang KDOD /</subfield>
      <subfield code="c">Adli Muhammad Siswoko</subfield>
    </datafield>
    <datafield tag="260" ind1="#" ind2="#">
      <subfield code="a">Jakarta :</subfield>
      <subfield code="b">Pusbangkader,</subfield>
      <subfield code="c">2022</subfield>
    </datafield>
    <datafield tag="300" ind1="#" ind2="#">
      <subfield code="a">50 halaman ;</subfield>
      <subfield code="c">30 cm</subfield>
    </datafield>
    <datafield tag="650" ind1="#" ind2="4">
      <subfield code="a">Pengelolaan Keuangan</subfield>
    </datafield>
    <datafield tag="520" ind1="#" ind2="#">
      <subfield code="a">Deskripsi isu yang diambil adalah belum adanya sistem monitoring dalam proses pertanggungjawaban keuangan di bagian keuangan pada tahun 2022, tidak terpenuhinya target beberapa komponen penilaian IKPA pada Puslatbang KDOD tahun 2021, kurangnya operator SAKTI yang menguasai aplikasi pada bagian keuangan tahun 2022. Gagasan kreatif pemecahan core isu adalah identifikasi mekanisme kerja pertanggungjawaban keuangan, pembuatan aplikasi monitoring tahapan pertanggungjawaban keuangan, sosialisasi terhadap aplikasi monitoring yang telah dibuat, evaluasi hasil dari penerapan aplikasi terhadap proses pertanggungjawaban.</subfield>
    </datafield>
    <datafield tag="856" ind1="#" ind2="#">
      <subfield code="a">Perpustakaan LAN Pusat</subfield>
    </datafield>
    <datafield tag="990" ind1="#" ind2="#">
      <subfield code="a">06.02.019</subfield>
    </datafield>
  </record>
</collection>
